| 000 -LEADER |
| fixed length control field |
01477nam a22002057a 4500 |
| 020 ## - INTERNATIONAL STANDARD BOOK NUMBER |
| ISBN |
978-3-7258-3723-6 |
| 082 ## - DEWEY DECIMAL CLASSIFICATION NUMBER |
| Classification number |
307.1216 |
| Item number |
P53 2025 |
| 245 ## - TITLE STATEMENT |
| Title |
Planning for sustainable urban and land development / guest editors, Zongcai Wei, Yuting Liu, Andrzej Bilozor. |
| 250 ## - EDITION STATEMENT |
| Edition statement |
First edition. |
| 260 ## - PUBLICATION, DISTRIBUTION, ETC. (IMPRINT) |
| Place of publication |
Switzerland : |
| Name of publisher |
MDPI AG, |
| Year of publication |
c2024. |
| 300 ## - PHYSICAL DESCRIPTION |
| Number of Pages |
290 pages : |
| Other physical details |
illutrations (some color) |
| 500 #h - GENERAL NOTE |
| General note |
Open access edited volume published by MDPI. |
| 505 ## - FORMATTED CONTENTS NOTE |
| Formatted contents note |
Chapter 1. Introduction to sustainable urban and land development -- Chapter 2. Urban planning strategies for sustainability -- Chapter 3. Land-use governance and policy -- Chapter 4. Smart cities and infrastructure -- Chapter 5. Climate change adaptation in urban planning -- Chapter 6. Case studies and regional applications -- Chapter 7. Future directions in sustainable development. |
| 520 ## - SUMMARY, ETC. |
| Summary, etc |
The book discusses key themes such as land-use planning strategies, smart urban design, infrastructure development, and governance frameworks that support sustainability. It also highlights challenges like urban sprawl, climate change adaptation, and pressure on natural resources. Through case studies and research contributions, it emphasizes integrated planning methods that promote resilient and livable cities. |
| 650 ## - SUBJECT ADDED ENTRY--TOPICAL TERM |
| Topical Term |
City planning - Sustainable development |
| 700 ## - ADDED ENTRY--PERSONAL NAME |
| Personal name |
Wei, Zongcai, editor. |
| 700 ## - ADDED ENTRY--PERSONAL NAME |
| Personal name |
Liu, Yuting, editor. |
| 700 ## - ADDED ENTRY--PERSONAL NAME |
| Personal name |
Bilozor, Andrzej, editor. |
| 942 ## - ADDED ENTRY ELEMENTS (KOHA) |
| Koha item type |
Electronic Books |